| 000 | 00796nam a22002417a 4500 | ||
|---|---|---|---|
| 005 | 20131219112222.0 | ||
| 008 | 131126b xxu||||| |||| 00| 0 eng d | ||
| 010 | _aPUN-7760 | ||
| 020 |
_c150.00 _a9789350173039x |
||
| 035 | _aPN-6878 | ||
| 037 | _bDBAD / PUB | ||
| 037 | _bUnistar Books | ||
| 040 |
_adpl _bpn |
||
| 082 | _a851 | ||
| 100 | _aਕਾਹਲ,ਤਿਲਕ ਰਾਜ | ||
| 245 |
_aਸ਼ਿਵ ਦੀ ਦਾਬ / _cਤਿਲਕ ਰਾਜ ਕਾਹਲ |
||
| 246 |
_aShiv de daab _bby Tilak raj kaahal |
||
| 260 |
_aChandigarh _bUnistar Books _c2011 |
||
| 270 |
_bChandigarh _asco-26-27, sector-34 A _k0172-5077427- 9815471219 _e160022 |
||
| 300 | 4 |
_a120p. _c22ਸੇਂਮੀ (ਸਜਿਲੱਦ) |
|
| 942 |
_2ddc _cPN _h851 _mਕਾਹਲ |
||
| 999 |
_c81290 _d81290 |
||